00916nam a22001937a 4500003000900000005001700009008004100026040001300067100004000080245006100120250001100181260005100192300001800243520022300261942001200484999001700496952010900513952010000622IT-RoPau20220918181107.0130529b xxu||||| |||| 00| 0 eng d cIT-RoPau aCentro Promozione e Formazione9614 aIn cammino - Liturgia per la consegna delle Costituzioni a1° ed aRomabSSP Centro Promozione e Formazionec1984 a12 pp.c21 cm aIndice Celebrazione Eucaristica Liturgia della Parola Canto al Vangelo Vangelo Omelia Consegna delle Costituzioni Rinnovazione della Professione La parola del Fondatore Liturgia Eucaristica Mandato Benedizione solenne 2ddccBK c98638d98638 00102ddc406P_D171aPAULUSbPAULUSd2013-05-29l0oP D1pPrLP 17r2013-05-29 00:00:00w2013-05-29yBK 00102ddc406P_D271aPAULUSbPAULUSd2013-06-06l0oP D2r2013-06-06 00:00:00w2013-06-06yBK